000 00176nam a22000857a 4500
003 SGT
245 _aJournal of American Dental Association
260 _c2002-2011
942 _2ddc
_cBV
999 _c27606
_d27606